<?xml version="1.0" encoding="UTF-8"?>
<record
    xmlns:xsi="http://www.w3.org/2001/XMLSchema-instance"
    xsi:schemaLocation="http://www.loc.gov/MARC21/slim http://www.loc.gov/standards/marcxml/schema/MARC21slim.xsd"
    xmlns="http://www.loc.gov/MARC21/slim">

  <leader>00935nam a2200289 u 4500</leader>
  <controlfield tag="001">597299</controlfield>
  <controlfield tag="005">20260506084503.0</controlfield>
  <controlfield tag="008">000529s1995                        spa  </controlfield>
  <datafield tag="020" ind1=" " ind2=" ">
    <subfield code="a">843441595X</subfield>
  </datafield>
  <datafield tag="035" ind1=" " ind2=" ">
    <subfield code="a">597299</subfield>
  </datafield>
  <datafield tag="035" ind1=" " ind2=" ">
    <subfield code="a">(OCoLC)34075319</subfield>
  </datafield>
  <datafield tag="040" ind1=" " ind2=" ">
    <subfield code="c">comduadb</subfield>
  </datafield>
  <datafield tag="041" ind1=" " ind2=" ">
    <subfield code="a">spa</subfield>
  </datafield>
  <datafield tag="082" ind1=" " ind2="4">
    <subfield code="a">341</subfield>
  </datafield>
  <datafield tag="100" ind1="1" ind2="0">
    <subfield code="a">Guillaume, Gilbert</subfield>
    <subfield code="4">aut</subfield>
    <subfield code="e">aut</subfield>
    <subfield code="9">498786</subfield>
  </datafield>
  <datafield tag="245" ind1="1" ind2="4">
    <subfield code="a">Las grandes crisis internacionales y el derecho</subfield>
  </datafield>
  <datafield tag="250" ind1=" " ind2=" ">
    <subfield code="a">1. ed.</subfield>
  </datafield>
  <datafield tag="260" ind1=" " ind2=" ">
    <subfield code="a">Barcelona :</subfield>
    <subfield code="b">Editorial Ariel,</subfield>
    <subfield code="c">1995.</subfield>
  </datafield>
  <datafield tag="300" ind1=" " ind2=" ">
    <subfield code="a">316p.</subfield>
  </datafield>
  <datafield tag="500" ind1=" " ind2=" ">
    <subfield code="a">GENERAL : C&#xF3;digo anterior 6-10000003125062, se cambio el 17 de febrero de 2012.</subfield>
  </datafield>
  <datafield tag="650" ind1=" " ind2="7">
    <subfield code="a">Conflictos internacionales</subfield>
    <subfield code="2">lemb</subfield>
    <subfield code="9">4875</subfield>
  </datafield>
  <datafield tag="650" ind1=" " ind2="7">
    <subfield code="a">Guerra de las Islas Malvinas, 1982</subfield>
    <subfield code="2">lemb</subfield>
    <subfield code="9">64133</subfield>
  </datafield>
  <datafield tag="650" ind1=" " ind2="7">
    <subfield code="a">Conflicto &#xE1;rabe-israel&#xED;</subfield>
    <subfield code="2">embne</subfield>
    <subfield code="9">158023</subfield>
  </datafield>
  <datafield tag="650" ind1=" " ind2="7">
    <subfield code="a">Derecho internacional p&#xFA;blico</subfield>
    <subfield code="2">lemb</subfield>
    <subfield code="9">2000</subfield>
  </datafield>
  <datafield tag="700" ind1="1" ind2="0">
    <subfield code="a">Carril, Salvador M. del</subfield>
    <subfield code="4">trl</subfield>
    <subfield code="e">trl</subfield>
    <subfield code="9">633412</subfield>
  </datafield>
  <datafield tag="942" ind1=" " ind2=" ">
    <subfield code="c">BOOK</subfield>
  </datafield>
  <datafield tag="999" ind1=" " ind2=" ">
    <subfield code="c">153631</subfield>
    <subfield code="d">153631</subfield>
  </datafield>
  <datafield tag="952" ind1=" " ind2=" ">
    <subfield code="0">0</subfield>
    <subfield code="1">0</subfield>
    <subfield code="4">0</subfield>
    <subfield code="7">0</subfield>
    <subfield code="8">GEN</subfield>
    <subfield code="a">BC</subfield>
    <subfield code="b">BC</subfield>
    <subfield code="d">2000-06-16</subfield>
    <subfield code="e">Material adquirido por donaci&#xF3;n</subfield>
    <subfield code="i">C637831</subfield>
    <subfield code="l">0</subfield>
    <subfield code="o">341.01 G957</subfield>
    <subfield code="p">61000002510465</subfield>
    <subfield code="r">2023-04-22 00:00:00</subfield>
    <subfield code="t">1</subfield>
    <subfield code="w">2023-04-22</subfield>
    <subfield code="y">BOOK</subfield>
  </datafield>
  <datafield tag="952" ind1=" " ind2=" ">
    <subfield code="0">0</subfield>
    <subfield code="1">0</subfield>
    <subfield code="4">0</subfield>
    <subfield code="7">0</subfield>
    <subfield code="8">SEMIACTIVA</subfield>
    <subfield code="a">BC</subfield>
    <subfield code="b">BC</subfield>
    <subfield code="d">2005-10-06</subfield>
    <subfield code="i">C883960</subfield>
    <subfield code="l">0</subfield>
    <subfield code="o">341.01 G957 e2</subfield>
    <subfield code="p">0747101</subfield>
    <subfield code="r">2023-04-22 00:00:00</subfield>
    <subfield code="t">2</subfield>
    <subfield code="w">2023-04-22</subfield>
    <subfield code="y">BOOK</subfield>
  </datafield>
</record>
